[Event "Reykjavik Open 2015"]
[Site "Reykjavik, "]
[Date "2015.03.15"]
[Round "7.28"]
[White "Mihajlov, Sebastian"]
[Black "Soors, Stef"]
[Result "1/2-1/2"]
[WhiteElo "2308"]
[BlackElo "2408"]
[PlyCount "70"]
[EventDate "2015.03.10"]

1. d4 Nf6 2. c4 e6 3. Nc3 Bb4 4. e3 O-O 5. Nge2 c6 6. a3 Ba5 7. Ng3 d5 8. Bd3
Nbd7 9. O-O Bc7 10. e4 dxc4 11. Bxc4 e5 12. Be3 Nb6 13. Be2 Qe7 14. dxe5 Bxe5
15. f3 Re8 16. Qc2 h5 17. Bd3 h4 18. Nge2 Qc7 19. h3 Nbd5 20. Bf2 Nxc3 21. bxc3
Nh5 22. Bxh4 Re6 23. g4 Nf4 24. Nxf4 Bxf4 25. Kg2 Rh6 26. Qf2 Rd6 27. Rfd1 Be6
28. Bc2 g5 29. Bg3 Rad8 30. Rxd6 Rxd6 31. Rd1 Rxd1 32. Bxd1 Bxg3 33. Qxg3 Qd8
34. Be2 Qd2 35. Kf1 Qc1+ 1/2-1/2

[Event "Reykjavik Open 2015"]
[Site "Reykjavik, "]
[Date "2015.03.15"]
[Round "7.86"]
[White "Birkisson, Bjorn Holm"]
[Black "Martinez Lopez, Jaime"]
[Result "0-1"]
[WhiteElo "1845"]
[BlackElo "2044"]
[PlyCount "126"]
[EventDate "2015.03.10"]

1. e4 d6 2. d4 Nf6 3. Nc3 e5 4. dxe5 dxe5 5. Qxd8+ Kxd8 6. Bg5 Be6 7. O-O-O+
Nbd7 8. Nf3 Bd6 9. Bd3 a6 10. Nd2 Ke8 11. Bc4 h6 12. Bxe6 fxe6 13. Be3 b5 14.
f3 Ke7 15. Rhe1 Nb8 16. Bg1 Nc6 17. Nb3 Nd7 18. Re2 Rhb8 19. Nd2 a5 20. Ndb1 a4
21. b3 Na5 22. Kd2 c5 23. Ke1 Nc6 24. Red2 Nd4 25. Ne2 b4 26. f4 Nxe2 27. Rxd6
Nd4 28. Bxd4 exd4 29. e5 Rf8 30. g3 g5 31. c3 bxc3 32. Nxc3 axb3 33. axb3 gxf4
34. Na4 fxg3 35. hxg3 Nxe5 36. Rb6 Rac8 37. Ke2 d3+ 38. Ke3 c4 39. Ke4 Ng4 40.
Kd4 Rfd8+ 41. Kc3 cxb3+ 42. Kxb3 d2 43. Nb2 Rc1 44. Rb7+ Kf6 45. Rb4 Ne3 46.
Rf4+ Ke7 47. Rxd2 Rxd2 48. Re4 Rb1 49. Rxe3 Rbxb2+ 50. Ka3 Rb8 51. Re4 Rd3+ 52.
Ka2 Rxg3 53. Ra4 h5 54. Ra5 h4 55. Rh5 h3 56. Rh4 Rg2+ 57. Ka3 h2 58. Rh5 Rb1
59. Rh4 h1=Q 60. Rxh1 Rxh1 61. Kb3 Rc1 62. Ka3 Rb1 63. Ka4 Ra2# 0-1

[Event "Reykjavik Open 2015"]
[Site "Reykjavik, "]
[Date "2015.03.15"]
[Round "7.24"]
[White "Colovic, Aleksandar"]
[Black "Bisby, Daniel L"]
[Result "1/2-1/2"]
[WhiteElo "2482"]
[BlackElo "2321"]
[PlyCount "107"]
[EventDate "2015.03.10"]

1. d4 Nf6 2. c4 g6 3. Nc3 Bg7 4. e4 d6 5. h3 O-O 6. Nf3 e5 7. d5 Na6 8. Bg5 h6
9. Be3 Nc5 10. Nd2 a5 11. Be2 Bd7 12. g4 c6 13. h4 Nh7 14. Qc2 a4 15. a3 Qa5
16. O-O-O cxd5 17. Nxd5 Kh8 18. g5 h5 19. Kb1 Rfc8 20. Rdg1 b5 21. Qd1 Rab8 22.
Bxc5 Rxc5 23. Rg3 Be6 24. Ka1 Rbc8 25. Nb1 Bxd5 26. cxd5 b4 27. Qe1 Rb8 28. Re3
Nf8 29. Rg1 Nd7 30. Ka2 Kg8 31. Ka1 Rcc8 32. Qd2 Nc5 33. Bc4 Rb7 34. Rc1 Rcb8
35. Rc2 Qa7 36. f3 Bf8 37. Qe2 Be7 38. Rd2 Bd8 39. axb4 Rxb4 40. Ra3 Ba5 41.
Rc2 R4b6 42. Nc3 Bb4 43. Ra2 Bxc3 44. Rxc3 Rb4 45. Kb1 Qb6 46. Kc1 Kg7 47. Kb1
Rb7 48. Kc1 Nd7 49. Ba6 Rc7 50. Raa3 Nc5 51. Bc4 Rb7 52. Rc2 Ra7 53. Kb1 Kh7
54. Qe3 1/2-1/2

[Event "Reykjavik Open 2015"]
[Site "Reykjavik, "]
[Date "2015.03.15"]
[Round "7.123"]
[White "Fjallheim, Elmar"]
[Black "Magnusson, Thorsteinn"]
[Result "1-0"]
[WhiteElo "1678"]
[BlackElo "1301"]
[PlyCount "69"]
[EventDate "2015.03.10"]

1. e4 e6 2. d4 d5 3. e5 c5 4. c3 Nc6 5. Nf3 Qb6 6. a3 cxd4 7. cxd4 Nge7 8. b4
Nf5 9. Bb2 Be7 10. Be2 O-O 11. O-O f6 12. Qd3 fxe5 13. dxe5 Nh4 14. Nbd2 Ng6
15. Bd1 Rf5 16. Re1 Bg5 17. b5 Nce7 18. Bd4 Qc7 19. Nxg5 Rxg5 20. Nf3 Rxg2+ 21.
Kh1 Nf4 22. Qd2 Neg6 23. Be3 Qf7 24. Bc2 Rg4 25. Rg1 Nh3 26. Ng5 Nxg5 27. Rxg4
Qf3+ 28. Rg2 Nh4 29. Rag1 Nh3 30. Bd1 Qe4 31. f3 Qf5 32. Rxg7+ Kf8 33. Rg8+ Ke7
34. R1g7+ Qf7 35. Qb4+ 1-0